LIBRARY ONLINE CATALOGUE

The Oxford guide to effective writing and speaking / (Record no. 17744)

MARC details
000 -LEADER
fixed length control field 00761nam a22002412 4500
001 - CONTROL NUMBER
control field 0000007018
003 - CONTROL NUMBER IDENTIFIER
control field OSt
005 - DATE AND TIME OF LATEST TRANSACTION
control field 20190622120031.0
008 - FIXED-LENGTH DATA ELEMENTS--GENERAL INFORMATION
fixed length control field 071107s xx 000 0 eng d
020 ## - INTERNATIONAL STANDARD BOOK NUMBER
International Standard Book Number 0199652709 :
040 ## - CATALOGING SOURCE
Original cataloging agency KABU
Transcribing agency KABU
050 ## - LIBRARY OF CONGRESS CALL NUMBER
Classification number PE1408
Item number .S44 2013 c. 1
100 1# - MAIN ENTRY--PERSONAL NAME
Personal name Seely, John.
245 14 - TITLE STATEMENT
Title The Oxford guide to effective writing and speaking /
Statement of responsibility, etc. John Seely.
Remainder of title how to communicate clearly
250 ## - EDITION STATEMENT
Edition statement 3rd ed.
260 ## - PUBLICATION, DISTRIBUTION, ETC. (IMPRINT)
Place of publication, distribution, etc. Oxford :
Name of publisher, distributor, etc. O. U. P.,
Date of publication, distribution, etc. 2013.
300 ## - PHYSICAL DESCRIPTION
Extent 392 p.
650 #0 - SUBJECT ADDED ENTRY--TOPICAL TERM
Topical term or geographic name as entry element English language
General subdivision Written english
650 #0 - SUBJECT ADDED ENTRY--TOPICAL TERM
Topical term or geographic name as entry element English language
General subdivision Spoken english
908 ## - PUT COMMAND PARAMETER (RLIN)
Put command parameter 071107
942 ## - ADDED ENTRY ELEMENTS (KOHA)
Source of classification or shelving scheme Library of Congress Classification
Koha item type General Collection
Classification part PE1408
Item part .S44 2013 c. 1
Holdings
Withdrawn status Lost status Source of classification or shelving scheme Not for loan Home library Current library Date acquired Cost, normal purchase price Total Checkouts Full call number Barcode Date last seen Date last checked out Copy number Price effective from Koha item type
    Library of Congress Classification   Kabarak, Main Campus Kabarak, Main Campus 22/06/2019 1832.32 1 PE1408 .S44 2013 c. 1 023408 08/06/2026 21/05/2026 c. 1 22/06/2019 General Collection
    Library of Congress Classification   Kabarak, Main Campus Kabarak, Main Campus 22/06/2019 1832.32 2 PE1408 .S44 2013 c. 2 023409 19/03/2021 03/03/2021 c. 2 22/06/2019 General Collection